000 01061nam a22003377a 4500
001 0063054
003 KOHA_MİRAKIL
005 20260207004431.0
007
008 181106b2017 tu |||gr||||#||||0|tur |
020 _a9786052963388
_cxxxxx
040 _aTR-BiSEU
_btur
_cTR-BiSEU
_erda
041 0 _atur
044 _ctu
050 _aLB1028.3
_b.A33 2017
100 1 _aAkarsu, Bayram.
245 1 _aModern öğretim teknolojisi ve materyal tasarımı/
_cBayram Akarsu ; Bayram Akarsu.
264 1 _aİstanbul :
_bCinius Yayınları
_c2017
300 _a210 sayfa: resimli ;
_c23 cm.
336 _ametin
_btxt
_2rdacontent
337 _aaracısız
_bn
_2rdamedia
338 _acilt
_bnc
_2rdacarrier
500 _aKaynakça var.
650 0 _aEducational technology.
_918546
650 0 _aAudio-visual education.
_9117082
650 0 _aComputer-assisted instruction.
_911825
650 0 _aTeaching--Aids and devices.
_92966
650 0 _aDistance education.
_930732
650 0 _aInstructional systems--Design.
_931213
942 _2lcc
_cBK
999 _c62850
_d62850